<The> Environmental aspect of the common agricultural policy of the European Union in the context of its reforms
Spoločná poľnohospodárska politika EÚ (common agricultural policy, CAP) je najrozsiahlejšia a najsofistikovanejšia spoločná politika EÚ. Pri implementácii CAP sa objavili problémy s nadprodukciou a CAP sa stala neefektívnou. Analýza reformy CAP v kontexte novozavedených environmentálnych opatrení. P...
Salvato in:
| Autore principale: | |
|---|---|
| Natura: | Capitolo di libro |
| Lingua: | inglese |
| Soggetti: | |
| Tags: |
Nessun Tag, puoi essere il primo ad aggiungerne!!
|
MARC
| LEADER | 00000naa$a2200000$$$4500 | ||
|---|---|---|---|
| 001 | 0228635 | ||
| 005 | 20240502083615.9 | ||
| 041 | 0 | |a eng | |
| 044 | |a HU | ||
| 245 | 1 | 0 | |a <The> Environmental aspect of the common agricultural policy of the European Union in the context of its reforms |c Ľubica Harakaľová |
| 520 | |a Spoločná poľnohospodárska politika EÚ (common agricultural policy, CAP) je najrozsiahlejšia a najsofistikovanejšia spoločná politika EÚ. Pri implementácii CAP sa objavili problémy s nadprodukciou a CAP sa stala neefektívnou. Analýza reformy CAP v kontexte novozavedených environmentálnych opatrení. Porovnanie týchto environmentálnych opatrení s agro-environmentálnymi indikátormi, ktoré sú súčasťou implementácie Cardiffského procesu. I. a II. pilier CAP EÚ. | ||
| 610 | 2 | 0 | |a poľnohospodárstvo |
| 610 | 2 | 0 | |a politika poľnohospodárska spoločná |
| 610 | 2 | 0 | |a ekológia |
| 610 | 2 | 0 | |a ochrana prostredia životného |
| 610 | 2 | 0 | |a reformy |
| 610 | 2 | 0 | |a Európska únia |
| 100 | 1 | |a Harakaľová, Ľubica, 1963- | |